• 首页
  • 本馆介绍
  • 公告通知
  • 最新文献
  • 馆藏检索
  • 电子资源
  • 读者导购
  • 参考咨询
  • 我的图书馆
  • 登录
  • 详细信息显示
  • 放入我的书架
  • 预约/预借图书
  • 作者相关作品
  • 分类相关作品
  • 丛书相关作品
  • 出版社相关作品

书目信息

  • 表格格式
  • 工作单格式
  • 卡片格式
题名:
微型盆景艺术
    
 
作者: 林三和 主创 ;林三宏 诗文
分册:  
出版信息: 上海   上海科技教育出版社  2004
页数: 88页
开本: 21cm
丛书名:
单 册:
中图分类: S688.1
科图分类:
主题词: 盆景--观赏园艺 , 观赏园艺 , 盆景
电子资源:
ISBN: 7-5428-3474-6
000 00849nam0 2200265 45
001 0900000009044
005 20051216101538.03
010    @a7-5428-3474-6@dCNY17.00
092    @aCN
100    @a20040814d2004 ekmy0chiy0120 ea
101 0  @achi
102    @aCN@b310000
105    @aa z 000yy
200 1  @a微型盆景艺术@9wei xing pen jing yi shu@f林三和主创@Flin san he zhu chuang@g林三宏诗文
210    @a上海@c上海科技教育出版社@d2004
215    @a88页@c图@d21cm
330    @a本书主要介绍了微型盆景概述、微型盆景常用树种简介、微型盆景的主要形式、微型盆景的制作、微型盆景的养护、作品赏析6部分内容。
606 0  @a盆景@x观赏园艺
606 0  @a观赏园艺
606 0  @a盆景
690    @aS688.1@v4
701  0 @a林三和@9lin san he@4主创
702  0 @a林三宏@9lin san hong@4诗文
801  0 @aCN@bCXYBOOK@c20051216
905    @a10447@dS688.1@e111
    
    微型盆景艺术/林三和主创/林三宏诗文.-上海:上海科技教育出版社,2004
    88页:图;21cm
    
    
    ISBN 7-5428-3474-6:CNY17.00
    本书主要介绍了微型盆景概述、微型盆景常用树种简介、微型盆景的主要形式、微型盆景的制作、微型盆景的养护、作品赏析6部分内容。
●
相关链接 在E读中查询图书 在五车中查询图书 在当当中查询图书 在豆瓣中查询图书


正题名:微型盆景艺术     索取号:S688.1/111         预约/预借

序号 登录号 条形码 馆藏地/架位号 状态 备注
1 0371409   203714098   第二样本阅览室/ [索取号:S688.1/111] 在馆    
2 0371410   203714105   第三借阅区/ [索取号:S688.1/111] 在馆    
3 0371411   203714114   第三借阅区/ [索取号:S688.1/111] 在馆    
唐山师范学院图书馆 欢迎您!
大连网信软件有限公司© 版权所有